000 00868nam a2200277 i 4500
001 2239535
003 OSt
005 20230627112101.0
008 760908s1976 enkab b 000 0 eng
010 _a 76373891
015 _aGB76-18004
020 _a0140219242 :
_c£0.90 ($3.95 U.S.)
040 _aDLC
_cDLC
_dDLC
082 0 0 _a333.7
100 1 _aFoley, Gerald,
_d1936-
245 1 4 _aThe energy question /
_c[by] Gerald Foley, with Charlotte Nassim ; consultant, Gerald Leach.
260 _aHarmondsworth ;
_aNew York [etc.] :
_bPenguin,
_c1976.
300 _a344 p. :
_bill., map ;
_c18 cm.
490 0 _aA Pelican book
504 _aIncludes bibliographical references.
650 0 _aPower resources.
650 0 _aEnergy policy.
700 1 _aNassim, Charlotte,
_ejoint author.
906 _a7
_bcbc
_corignew
_d3
_encip
_f19
_gy-gencatlg
942 _2ddc
_cBK
999 _c2828
_d2828